| 000 -LEADER |
| fixed length control field |
01214nam a2200349 i 4500 |
| 001 - CONTROL NUMBER |
| control field |
019386465 |
| 003 - CONTROL NUMBER IDENTIFIER |
| control field |
UkOxU |
| 005 - DATE AND TIME OF LATEST TRANSACTION |
| control field |
20230403095606.0 |
| 008 - FIXED-LENGTH DATA ELEMENTS--GENERAL INFORMATION |
| fixed length control field |
120914r20121997enka |0|0 1|eng |
| 015 ## - NATIONAL BIBLIOGRAPHY NUMBER |
| National bibliography number |
GBB388751 |
| Source |
bnb |
| 020 ## - INTERNATIONAL STANDARD BOOK NUMBER |
| International Standard Book Number |
9780440870227 (paperback) |
| 035 ## - SYSTEM CONTROL NUMBER |
| System control number |
(Uk)016193496 |
| 040 ## - CATALOGING SOURCE |
| Original cataloging agency |
StEdALDL |
| Language of cataloging |
eng |
| Description conventions |
rda |
| Transcribing agency |
StEdALDL |
| Modifying agency |
Uk |
| -- |
UkOxU |
| -- |
KH8 |
| 042 ## - AUTHENTICATION CODE |
| Authentication code |
ukblsr |
| 082 04 - DEWEY DECIMAL CLASSIFICATION NUMBER |
| Classification number |
823.914 WIL |
| Edition number |
23 |
| 100 1# - MAIN ENTRY--PERSONAL NAME |
| Personal name |
Wilson, Jacqueline, |
| Relator term |
author. |
| 240 10 - UNIFORM TITLE |
| Uniform title |
Novels. |
| Form subheading |
Selections |
| 245 10 - TITLE STATEMENT |
| Title |
Jacqueline Wilson's funny girls / |
| Statement of responsibility, etc. |
illustrated by Nick Sharratt. |
| 264 #1 - PRODUCTION, PUBLICATION, DISTRIBUTION, MANUFACTURE, AND COPYRIGHT NOTICE |
| Place of production, publication, distribution, manufacture |
London : |
| Name of producer, publisher, distributor, manufacturer |
Corgi Yearling, |
| Date of production, publication, distribution, manufacture, or copyright notice |
2012. |
| 264 #4 - PRODUCTION, PUBLICATION, DISTRIBUTION, MANUFACTURE, AND COPYRIGHT NOTICE |
| Date of production, publication, distribution, manufacture, or copyright notice |
©1997 |
| 300 ## - PHYSICAL DESCRIPTION |
| Extent |
365 pages : |
| Other physical details |
illustrations (black and white) ; |
| Dimensions |
20 cm |
| 336 ## - CONTENT TYPE |
| Content type term |
text |
| Source |
rdacontent |
| 337 ## - MEDIA TYPE |
| Media type term |
unmediated |
| Source |
rdamedia |
| 338 ## - CARRIER TYPE |
| Carrier type term |
volume |
| Source |
rdacarrier |
| 500 ## - GENERAL NOTE |
| General note |
Originally published as: The Jacqueline Wilson collection. London : Corgi Yearling, 1997. |
| 505 0# - FORMATTED CONTENTS NOTE |
| Formatted contents note |
The story of Tracy Beaker -- The bed and breakfast star. |
| 530 ## - ADDITIONAL PHYSICAL FORM AVAILABLE NOTE |
| Additional physical form available note |
Also available online. |
| 700 12 - ADDED ENTRY--PERSONAL NAME |
| Personal name |
Wilson, Jacqueline. |
| Title of a work |
Story of Tracy Beaker. |
| 700 12 - ADDED ENTRY--PERSONAL NAME |
| Personal name |
Wilson, Jacqueline. |
| Title of a work |
Bed and breakfast star. |
| 700 1# - ADDED ENTRY--PERSONAL NAME |
| Personal name |
Sharratt, Nick, |
| Relator term |
illustrator. |
| 942 ## - ADDED ENTRY ELEMENTS (KOHA) |
| Source of classification or shelving scheme |
|
| Koha item type |
Books - Non Ficton |